Statistics for Perry the Platypus Theme Lyrics

Click here to take the quiz!

General Stats

  • This quiz has been taken 12 times
  • The average score is 16 of 19

Answer Stats

Lyric% Correct
({Doo}-bee-doo-bee-do-bah)
100%
({Doo}-bee-doo-bee-do-bah)
100%
He's got a {beaver} tail
100%
{Pdkrrrrrr...}
100%
{Agent} {P}!
91%
and a {bill}
91%
He's {Perry}, {Perry} the platypus
91%
of {action}
91%
{Perry}
91%
Whenever they {hear} him say:
91%
(You can call him {Agent} {P})
91%
And the women {swoon}
82%
{Egg}-{laying} mammal
82%
He's a {semi}-{aquatic}
82%
He's a furry little {flatfoot}
73%
Who'll never {flinch}
64%
From a {fray}
55%
He's got more than just {mad} {skills}
55%
({I} {said} you can call him Agent P)
55%

Score Distribution

Percentile by Number Answered

Percent of People with Each Score

Your Score History

You have not taken this quiz